| 000 | 00627nam a2200193Ia 4500 | ||
|---|---|---|---|
| 008 | 151121s9999||||xx |||||||||||||| ||und|| | ||
| 082 | _a181।4/ कुमठे | ||
| 082 | _bHNW-64721 | ||
| 100 | _aकुमठेकर उदय | ||
| 245 | _aवेध चार्वाकाचा | ||
| 260 | _b"अभय प्रकाशन, नांदेड।" | ||
| 260 | _c-- | ||
| 300 | _a167 | ||
| 600 | _aकुमठेकर उदय | ||
| 630 | _aवेध चार्वाकाचा | ||
| 700 | _aकुमठेकर उदय | ||
| 730 | _aवेध चार्वाकाचा | ||
| 942 | _cBOOK | ||
| 999 |
_c1246247 _d1246244 |
||